KERN'S CARDIAC CATHETERIZATION HANDBOOK (Record no. 23769)

MARC details
000 -LEADER
fixed length control field 00420nam a22001697a 4500
003 - CONTROL NUMBER IDENTIFIER
control field SGT
020 ## - INTERNATIONAL STANDARD BOOK NUMBER
International Standard Book Number 9788131267400
082 ## - DEWEY DECIMAL CLASSIFICATION NUMBER
Classification number 616.12
Item number K22S
100 ## - MAIN ENTRY--PERSONAL NAME
Personal name SORAJJA, PAUL
245 ## - TITLE STATEMENT
Title KERN'S CARDIAC CATHETERIZATION HANDBOOK
250 ## - EDITION STATEMENT
Edition statement 7TH
260 ## - PUBLICATION, DISTRIBUTION, ETC. (IMPRINT)
Place of publication, distribution, etc INDIA
Name of publisher, distributor, etc ELSEVIER PUB
Year of Publication 2022
300 ## - PAGE DESCRIPTION
No. of Pages 713
650 ## - SUBJECT ADDED ENTRY--TOPICAL TERM
Topical term or geographic name as entry element GENERAL MEDICINE
653 ## - KEYWORDS--INDEX TERM
Keyword term KERN'S CARDIAC CATHETERIZATION HANDBOOK
942 ## - ADDED ENTRY ELEMENTS (KOHA)
Source of classification or shelving scheme Dewey Decimal Classification
Koha item type Books
942 ## - ADDED ENTRY ELEMENTS (KOHA)
-- 92
Holdings
Withdrawn status Lost status Source of classification or shelving scheme Damaged status Not for loan Collection code Home library Current library Shelving location Date acquired Vendor Name Cost, normal purchase price SGTU Bill Number Total Checkouts Full call number Accession No. (Barcode) Checked out Date last seen Date last borrowed Bill Date Koha item type Total Renewals
    Dewey Decimal Classification     MEDICAL SGT Medical Library SGT Medical Library Text Book 07/02/2023 ABC DELHI 1825.00 SGTU 15633 18 616.12 K22S FM13741 05/07/2026 05/06/2026 05/06/2026 02/01/2023 Books  
    Dewey Decimal Classification     MEDICAL SGT Medical Library SGT Medical Library Text Book 07/02/2023 ABC DELHI 1825.00 SGTU 15633 15 616.12 K22S FM13742 05/07/2026 05/06/2026 05/06/2026 02/01/2023 Books  
    Dewey Decimal Classification     MEDICAL SGT Medical Library SGT Medical Library Text Book 07/02/2023 ABC DELHI 1825.00 SGTU 15633 29 616.12 K22S FM13743 05/07/2026 05/06/2026 05/06/2026 02/01/2023 Books  
    Dewey Decimal Classification     MEDICAL SGT Medical Library SGT Medical Library Text Book 07/02/2023 ABC DELHI 1825.00 SGTU 15633 5 616.12 K22S FM13744   08/09/2025 28/08/2025 02/01/2023 Books 1
    Dewey Decimal Classification     MEDICAL SGT Medical Library SGT Medical Library Text Book 07/02/2023 ABC DELHI 1825.00 SGTU 15633 7 616.12 K22S FM13745   30/05/2024 06/05/2024 02/01/2023 Books  
    Dewey Decimal Classification     MEDICAL SGT Medical Library SGT Medical Library Text Book 07/02/2023 ABC DELHI 1825.00 SGTU 15633 13 616.12 K22S FM13746   16/09/2025 09/09/2025 02/01/2023 Books  
    Dewey Decimal Classification     MEDICAL SGT Medical Library SGT Medical Library Text Book 07/02/2023 ABC DELHI 1825.00 SGTU 15633 12 616.12 K22S FM13747 04/07/2026 04/06/2026 04/06/2026 02/01/2023 Books  
    Dewey Decimal Classification     MEDICAL SGT Medical Library SGT Medical Library Text Book 07/02/2023 ABC DELHI 1825.00 SGTU 15633 5 616.12 K22S FM13748   10/12/2024 05/12/2024 02/01/2023 Books  
    Dewey Decimal Classification     MEDICAL SGT Medical Library SGT Medical Library Text Book 07/02/2023 ABC DELHI 1825.00 SGTU 15633 23 616.12 K22S FM13749 18/06/2026 04/06/2026 04/06/2026 02/01/2023 Books  
    Dewey Decimal Classification     MEDICAL SGT Medical Library SGT Medical Library Text Book 07/02/2023 ABC DELHI 1825.00 SGTU 15633 25 616.12 K22S FM13750 05/07/2026 05/06/2026 05/06/2026 02/01/2023 Books